| 000 | 01136nam a2200301 i 4500 | ||
|---|---|---|---|
| 003 | DO-SdBNP | ||
| 005 | 20250516095219.0 | ||
| 007 | ta | ||
| 008 | 250516b2012 dr ||||| |||| 00| 0 s | ||
| 020 | _a9789945447781 | ||
| 040 |
_aDO-SdBNP _bspa _cBNPHU _erda |
||
| 041 | _aspa | ||
| 082 | 4 |
_222 _axxx _bB328s |
|
| 100 |
_aBautista Javier José D., _eautor _4aut. _981583 |
||
| 245 | 1 | 0 |
_aSolidaridad y esperanza : _bes amor de la UASD / _cJosé D. Bautista Javier ; corrección, Francisco Valdéz |
| 264 | 4 |
_aSanto Domingo : _bEditora Universitaria-UASD, _c©2012. |
|
| 300 |
_a104 páginas : _bilustraciones ; _c21 cm. |
||
| 336 |
_atexto _btxt _2rdacontent |
||
| 337 |
_asin mediación _bn _2rdamedia |
||
| 338 |
_avolumen _bn _2rdacarrier |
||
| 490 |
_aPublicaciones de la Universidad Autónoma de Santo Domingo _v1552 |
||
| 490 |
_aColección Historia y Sociedad _v107 |
||
| 590 | _aInventariado, 2025/BT | ||
| 700 |
_aValdéz, Francisco, _ecorrección _4corr. _987786 |
||
| 830 |
_aPublicaciones de la Universidad Autónoma de Santo Domingo _n1552, 107 _pColección Historia y Sociedad _987787 |
||
| 910 | _aBtavárez | ||
| 942 |
_2ddc _cLBS1 |
||
| 999 |
_c59038 _d59038 |
||